00646nam a2200169 a 450000500170000000800410001702000180005805000230007624500560009926000380015530000100019344000210020350000900022452001330031465000190044765000100046620140412111313.0000821s19uu xx 00 eng d a0-8167-2985-9 aTR(PS EbLe46 1993 aLet's have a party! /cillustrated by Ronald Fritz. aU.S.A :bTroll Associated,c1993. a30 p. aTroll singalongs aChildren's songs by or arr. by Dennis Scott. With piano acc.; includes chord symbols aFourteen songs suitable for singing at parties, including "The Hokey Pokey," "Bingo Limbo," and Hea, Shoulders, Knees and Toes." aChildren songs aSongs